000 01163pam a2200361 a 4500
001 3169
003 FISKH
005 20240215105154.0
008 970428s1998 nyua b 000 1 eng
010 _a 97015564
020 _a067998593X (lib. bdg.)
020 _a9780590819206
020 _a0679885935 (pbk.)
040 _aDLC
_cDLC
_dDLC
_beng
042 _alcac
050 0 0 _aPZ7.R8139
_bCan 1998
082 0 0 _a[E]
_221
100 1 _aRoy, Ron,
_d1940-
245 1 4 _aThe canary caper /
_cby Ron Roy ; illustrated by John Steven Gurney.
260 _aNew York :
_bScholastic,
_c1998
300 _a87 pages :
_billustrations ;
_c20 cm
490 1 _aA to Z mysteries
505 _aN
520 _aDink and his friends investigate why pets, like Mrs. Davis's canary, Mozart, are mysteriously disappearing all over town.
521 _a570
_bLexile
521 _aN
_bRaz-Plus
650 1 _aPets
_vFiction.
650 1 _aLost and found possessions
_vFiction.
650 1 _aMystery and detective stories.
700 1 _aGurney, John Steven,
_d1962-
_eillustrator
906 _a7
_bcbc
_corignew
_d1
_eocip
_f19
_gy-gencatlg
942 _2ddc
_cBK
_n0
999 _c3169
_d3169